Cartel contemporáneo polaco 1945-2006
Збережено в:
| Автор: | |
|---|---|
| Формат: | Книга |
| Мова: | Іспанська |
| Опубліковано: |
Ciudad de México
Universidad Autónoma Metropolitana
2011
Ciudad de México Embajada de Polonia en México 2011 |
| Редагування: | 2a. ed |
| Предмети: | |
| Теги: |
Додати тег
Немає тегів, Будьте першим, хто поставить тег для цього запису!
|
MARC
| LEADER | 00000cam a2200000 a 4500 | ||
|---|---|---|---|
| 001 | UCF5022 | ||
| 003 | CL-VaPUC | ||
| 008 | 130110e20110000MX |||||||||||||||||spa|d | ||
| 020 | |a 9786074775747 | ||
| 082 | 0 | 4 | |a 741.67 |b PAC |2 21 |
| 100 | |a Paciorek, Barbara |e autora |9 566746 | ||
| 245 | 1 | 0 | |a Cartel contemporáneo polaco 1945-2006 |
| 250 | |a 2a. ed | ||
| 300 | |a 174 p | ||
| 942 | |c BK | ||
| 945 | |d 20130110 00:00:00 |a dcastane | ||
| 260 | |a Ciudad de México |b Universidad Autónoma Metropolitana |c 2011 | ||
| 260 | |a Ciudad de México |b Embajada de Polonia en México |c 2011 | ||
| 650 | 0 | |a Afiches |9 268947 | |
| 650 | 7 | |a CARTELES |2 CL-VaPUC |9 327830 | |
| 650 | 0 | |a Arte publicitario |9 266185 | |
| 650 | 0 | |a Material visual |9 327831 | |
| 650 | 0 | |a Diseño gráfico |9 266874 | |
| 583 | |a last modification |c 20130110 11:00:00 |k Rodrigo Vera | ||
| 999 | |c 350657 |d 350655 | ||
| 952 | |0 0 |1 0 |4 0 |6 741_670000000000000_PAC_2011_2011 |7 0 |8 A |9 454213 |a BIBARQ |b BIBARQ |d 2019-11-22 |i 4942795 |o 741.67 PAC 2011 2011 |p 4942795 |r 2025-01-20 |w 2019-11-22 |y BK |k ARQ | ||